| 000 | 00687nam a22001937a 4500 | ||
|---|---|---|---|
| 999 |
_c61676 _d61676 |
||
| 005 | 20240416122538.0 | ||
| 008 | 240416s1990 enk||||| |||| 00| 0 eng d | ||
| 020 | _a9780801605482x | ||
| 041 | _aeng | ||
| 080 | _a612 P-92 | ||
| 245 |
_aPrinciples of Physiology / _cEdited Robert M. Berne, Matthew N. Levy. |
||
| 264 |
_aSt. Loius : _bMosby Company, _c1990. |
||
| 300 |
_a690 p.: _bill.; _c26 cm. |
||
| 653 | _aფიზიოლოგიის პრინციპები | ||
| 653 | _aმედიცინა | ||
| 700 |
_aBerne, Robert M. _eრედაქტორი _921810 |
||
| 700 |
_aLevy, Matthew N. _eრედაქტორი _921811 |
||
| 942 |
_2udc _cᲬᲘᲒᲜᲘ |
||